The Mayor of Casterbridge (Record no. 4578)

MARC details
000 -LEADER
fixed length control field 00358nam a22001577a 4500
005 - DATE AND TIME OF LATEST TRANSACTION
control field 20260407160533.0
008 - FIXED-LENGTH DATA ELEMENTS--GENERAL INFORMATION
fixed length control field 160629b xxu||||| |||| 00| 0 eng d
041 ## - LANGUAGE CODE
Language code of text/sound track or separate title eng
082 ## - DEWEY DECIMAL CLASSIFICATION NUMBER
Item number 823.8
100 ## - MAIN ENTRY--AUTHOR NAME
Personal name Hardy, Thomas
245 ## - TITLE STATEMENT
Title The Mayor of Casterbridge
260 ## - PUBLICATION, DISTRIBUTION, ETC. (IMPRINT)
Name of publisher UBS
Year of publication 2004
300 ## - PHYSICAL DESCRIPTION
Number of Pages 427
650 ## - SUBJECT ADDED ENTRY--TOPICAL TERM
Topical Term english fiction
942 ## - ADDED ENTRY ELEMENTS (KOHA)
Koha item type Books
Holdings
Lost status Damaged status Collection code Home library Current library Shelving location Date acquired Cost, normal purchase price Full call number Accession Number Koha item type
    LIFE SKILL JRU Library JRU Library SHELF-101-C 29/06/2016 85.00 823.8 10973 Books